Groupes de choses - Autour du fromage - Statistiques

Statistiques générales
  • Ce quiz a été pris 380 fois
    325 depuis la dernière actualisation
  • Le résultat moyen est 21 sur 84
Statistiques - réponses
Indice Pays % Correct
PLATS AU FROMAGE Raclette
95%
LAITS UTILISES POUR FAIRE DU FROMAGE Chèvre
89%
LAITS UTILISES POUR FAIRE DU FROMAGE Vache
89%
PAYS LES PLUS GRANDS PRODUCTEURS France
87%
PAYS LES PLUS GROS CONSOMMATEURS France
87%
LES PAYS EXPORTATEURS DE FROMAGE DE VACHE France
87%
LAITS UTILISES POUR FAIRE DU FROMAGE Brebis
83%
PLATS AU FROMAGE Tartiflette
83%
PAYS LES PLUS GRANDS PRODUCTEURS Italie
70%
PAYS LES PLUS GROS CONSOMMATEURS Italie
70%
LES PAYS EXPORTATEURS DE FROMAGE DE VACHE Italie
70%
PAYS LES PLUS GRANDS PRODUCTEURS Etats-Unis
63%
PLATS AU FROMAGE Fondue savoyarde
62%
PAYS LES PLUS GROS CONSOMMATEURS Suisse
60%
PAYS LES PLUS GRANDS PRODUCTEURS Allemagne
59%
PAYS LES PLUS GROS CONSOMMATEURS Allemagne
59%
LES PAYS EXPORTATEURS DE FROMAGE DE VACHE Allemagne
59%
FROMAGES AOP Roquefort
56%
FROMAGES AOP Camembert
49%
PAYS LES PLUS GRANDS PRODUCTEURS Pays-Bas
43%
LES PAYS EXPORTATEURS DE FROMAGE DE VACHE Pays-Bas
43%
FROMAGE AU NOM EN SAINT(E) Saint-Nectaire
41%
PAYS LES PLUS GRANDS PRODUCTEURS Russie
37%
SYNONYME DE FROMAGE From
34%
FOURME, COURONNE ET BRIE de, des ou d' Meaux
34%
LAITS UTILISES POUR FAIRE DU FROMAGE Bufflonne
30%
FROMAGE AU NOM EN SAINT(E) Saint-Marcellin
30%
PLATS AU FROMAGE Aligot
29%
FOURME, COURONNE ET BRIE de, des ou d' Ambert
29%
PAYS LES PLUS GRANDS PRODUCTEURS Pologne
26%
FROMAGES AOP Bleu d'Auvergne
23%
FROMAGE AU NOM EN SAINT(E) Saint-Félicien
22%
SYNONYME DE FROMAGE Fourme
21%
SYNONYME DE FROMAGE Frometon
21%
PAYS LES PLUS GROS CONSOMMATEURS Grèce
21%
LES PAYS EXPORTATEURS DE FROMAGE DE VACHE Australie
20%
FROMAGES AOP Cantal
20%
SYNONYME DE FROMAGE Tomme
20%
LES PAYS EXPORTATEURS DE FROMAGE DE VACHE Danemark
14%
PAYS LES PLUS GROS CONSOMMATEURS Finlande
14%
FROMAGES AOP Morbier
13%
LAITS UTILISES POUR FAIRE DU FROMAGE Yak
13%
INDUSTRIES DU FROMAGE Danone
11%
INDUSTRIES DU FROMAGE Lactalis
10%
FROMAGES AOP Munster
10%
LES PAYS EXPORTATEURS DE FROMAGE DE VACHE Nouvelle-Zélande
10%
PAYS LES PLUS GROS CONSOMMATEURS Islande
9%
INDUSTRIES DU FROMAGE Nestlé
9%
FOURME, COURONNE ET BRIE de, des ou d' Melun
8%
TYPES PATES Persillée
8%
PLATS AU FROMAGE Truffade
8%
FROMAGES AOP Abondance
7%
PLATS AU FROMAGE Welsh
6%
FROMAGES BLEUS (non AOP) de, du ou des Causses
5%
FOURME, COURONNE ET BRIE de, des ou d' Montbrison
5%
FROMAGE AU NOM EN SAINT(E) Saint-Paulin
5%
TYPES PATES Fraîche
4%
FROMAGES BLEUS (non AOP) de, du ou des Gex
4%
TYPES PATES Pressée cuite
4%
TYPES PATES Pressée non cuite
3%
FROMAGE AU NOM EN SAINT(E) Sainte-Maure-de-Touraine
3%
TYPES PATES Molle à croûte lavée
2%
SYNONYME DE FROMAGE Puant
2%
LAITS UTILISES POUR FAIRE DU FROMAGE Zébu
2%
FROMAGES BLEUS (non AOP) de, du ou des Bonneval
1%
TYPES PATES Filée
1%
SYNONYME DE FROMAGE Fromegi
1%
PLATS AU FROMAGE Gougère
1%
FROMAGES BLEUS (non AOP) de, du ou des Laqueuille
1%
FOURME, COURONNE ET BRIE de, des ou d' lochoise
1%
LAITS UTILISES POUR FAIRE DU FROMAGE Mixte
1%
TYPES PATES Molle à croûte fleurie
1%
FOURME, COURONNE ET BRIE de, des ou d' Nangis
1%
PLATS AU FROMAGE Rosti
1%
FROMAGES BLEUS (non AOP) de, du ou des Vercors
1%
FOURME, COURONNE ET BRIE de, des ou d' 4 montagnes
0%
INDUSTRIES DU FROMAGE Arla foods
0%
INDUSTRIES DU FROMAGE Dairy Farmers
0%
INDUSTRIES DU FROMAGE Fonterra
0%
INDUSTRIES DU FROMAGE Friesland Campina
0%
SYNONYME DE FROMAGE Fromjom
0%
FROMAGES BLEUS (non AOP) de, du ou des la Chataigneraie
0%
FROMAGES BLEUS (non AOP) de, du ou des Planèze
0%
FROMAGE AU NOM EN SAINT(E) Saint-Valentin
0%
Aucun quiz correspondant
Distribution des résultats
% des personnes avec chaque résultat
Percentile par nombre de réponses
Votre historique - résultats
Vous n’avez pas pris ce quiz depuis la dernière actualisation